000 00522nam a2200145 a 4500
001 000029744
005 20200930055755.0
008 110425s2002 dr bd 000 0 spa d
040 _aDO-SdBNP
_bspa
_cBNPHU
082 _axxx
_bJ86
245 0 4 _aLos jóvenes y el VIH/SIDA :
_buna oportunidad en un momento crucial /
_cintroducción Carol Bellamy.
260 _a[Santo Domingo] :
_bUNICEF :
_bONUSIDA :
_bOrganización Mundial de la Salud,
_c2002.
300 _a48 p. :
_bdiagrs., mapa ;
_c28 cm.
700 1 _aBellamy, Carol
_956525
999 _c29236
_d29236